| 000 | 00673nam a2200205Ia 4500 | ||
|---|---|---|---|
| 003 | GCL | ||
| 008 | 140319s9999 xx 000 0 ara d | ||
| 040 |
_aGCL / _cGCL |
||
| 082 | 0 | 4 |
_a254.1 _bص ق |
| 100 | 1 | _aصالح بن احمد بن محمد الغزالى | |
| 245 | 1 | 0 |
_aالقاموس : فيما يحتاج اليه العروس / _cصالح بن احمد بن محمد الغزالى |
| 700 | 1 | _aسعيد بن مسفر بن مفرح القحطانى | |
| 300 | _a400 ص | ||
| 490 |
_aكتاب _v0 |
||
| 650 | 0 | 4 | _aالزواج |
| 650 | 0 | 4 | _aالزفاف |
| 650 | 0 | 4 | _aالحقوق الزوجية |
| 650 | 0 | 4 | _aالاخلاق الجنسية |
| 942 |
_2ddc _cBK |
||
| 999 |
_c42213 _d42213 |
||